Statystyki dla Kraje, w których obowiązuje ruch lewostronny

Kliknij tutaj aby rozwiązać quiz!

Ogólne statystyki

  • Ten quiz został rozwiązany 57 razy
  • Średni wynik to 3 z 5

Statystyki odpowiedzi

Odpowiedź% Poprawnych
Wielka Brytania
100%
Australia
76%
Nowa Zelandia
65%
Japonia
64%
RPA
27%

Rozkład punktacji

Percentyl według liczby udzielonych odpowiedzi

Procent ludzi z każdym wynikiem

Twoja historia wyników

Nie rozwiązałeś tego quizu